000 00535nam a2200193 a 4500
001 1770806978440
003 YourLibrary
005 20260211162328.0
008 260211s1989##################000#0#eng##
020 _a9781852781514
082 0 4 _a330
_bBUT.1
100 1 _aLeibenstein, Harvey,
_eauthor.
245 1 0 _aThe Collected Essays of Harvey Leibenstein: Population, development and welfare :
260 _c1989.
300 _a392 pages
650 0 _aEconomics.
942 _cENGLISH
040 _aYourLibrary
_beng
_cYourLibrary
999 _c611873
_d611873